| 000 | 00421nam a2200145 i 4500 | ||
|---|---|---|---|
| 001 | 53157 | ||
| 003 | ES-MaACL | ||
| 007 | t| | ||
| 008 | 031013s1874 xxc ||||1| eng d | ||
| 100 | 1 |
_aDufferin _cLord. _945892 |
|
| 245 | 1 | 0 | _aCanada, the place for the emigrant. |
| 260 |
_aToronto : _b[s.n.], _c1874 ( _fJ. M. Trout & Co.) |
||
| 300 |
_a48 p. ; _c18 cm. |
||
| 852 |
_aES-MaACL _jT-399-F-16 _q. - Ejemplar falto de portada |
||
| 999 |
_c53157 _d53157 |
||